000 01109cam a2200265Ii 4500
001 sneaks00gree
003 CaSfIA
005 20210119082917.0
007 cr||||
008 800131s1979 nyu 000 1 eng d
040 _aMUM
_cMUM
_dNIALS
_dCaSfIA
035 _a(OCoLC)5932691
050 4 _aPS3557.R367
_bS54 1979
082 0 0 _a813/.5/4
100 1 _aGreen, Edith Pinero.
245 1 0 _aSneaks /
_h[electronic resource]
_cEdith Piñero Green.
250 _aBook club ed.
260 _aNew York :
_bDutton,
_cc1979.
300 _a212 p. ;
_c22 cm.
856 4 1 _uhttp://www.archive.org/details/sneaks00gree
_zFree eBook from the Internet Archive
856 4 2 _uhttp://www.openlibrary.org/books/OL24373506M
_zAdditional information and access via Open Library
942 _cEB
506 _fНеобхідна авторизація на https://archive.org/ (створення облікового запису безкоштовно)
506 _fНеобхідна авторизація на https://openlibrary.org/ (створення облікового запису безкоштовно)
999 _c549954
_d549954